书目信息 |
| 题名: |
编排设计
|
|
| 作者: | 谢卉 主编 | |
| 分册: | ||
| 出版信息: | 长沙 湖南大学出版社 2017 |
|
| 页数: | 174页 | |
| 开本: | 26cm | |
| 丛书名: | ||
| 单 册: | ||
| 中图分类: | J511 | |
| 科图分类: | ||
| 主题词: | 平面设计--高等职业教育--教材 | |
| 电子资源: | ||
| ISBN: | 978-7-5667-1101-4 | |
| 000 | 01025nam0 2200241 450 | |
| 001 | 4069 | |
| 005 | 20180528153132.48 | |
| 010 | @a978-7-5667-1101-4@dCNY58.00 | |
| 100 | @a20170328d2017 em y0chiy50 ea | |
| 101 | 0 | @achi |
| 102 | @aCN@b430000 | |
| 105 | @aa z 000yy | |
| 200 | 1 | @a编排设计@9bian pai she ji@f谢卉主编 |
| 205 | @a3版 | |
| 210 | @a长沙@c湖南大学出版社@d2017 | |
| 215 | @a174页@c图@d26cm | |
| 300 | @a高等职业教育设计专业“十三五”规划教材 | |
| 330 | @a本教材在系统论述和展现常规版面编排原理和方法的基础上,结合大量实例对照以及分类诠释,直观的说明版面编排各种要素的统筹规划以及富有创意的视觉表现,以促使视觉信息得以快速、准确、清晰的表达。为满足现阶段高职艺术设计类专业学生的切实需要,围绕课题设计展开论述,力图将理论知识结合案例分析渗透到实践训练中,能使读者认识到编排设计不仅仅是设计方法的训练,更是审美能力的培养和创新方法的积累。 | |
| 606 | 0 | @a平面设计@x高等职业教育@j教材 |
| 690 | @aJ511@v5 | |
| 701 | 0 | @a谢卉@9xie hui@4主编 |
| 801 | 0 | @aCN@b91MARC@c20170328 |
| 905 | @aMuseLib@dJ511@e448=3 | |
| 编排设计/谢卉主编.-3版.-长沙:湖南大学出版社,2017 |
| 174页:图;26cm |
| 高等职业教育设计专业“十三五”规划教材 |
| ISBN 978-7-5667-1101-4:CNY58.00 |
| 本教材在系统论述和展现常规版面编排原理和方法的基础上,结合大量实例对照以及分类诠释,直观的说明版面编排各种要素的统筹规划以及富有创意的视觉表现,以促使视觉信息得以快速、准确、清晰的表达。为满足现阶段高职艺术设计类专业学生的切实需要,围绕课题设计展开论述,力图将理论知识结合案例分析渗透到实践训练中,能使读者认识到编排设计不仅仅是设计方法的训练,更是审美能力的培养和创新方法的积累。 |
| ● |
| 相关链接 |
|
|
|
|
正题名:编排设计
索取号:J511/448=3
 
预约/预借
| 序号 | 登录号 | 条形码 | 馆藏地/架位号 | 状态 | 备注 |
| 1 | 1111778 | 211117780 | 第一样本阅览室/ [索取号:J511/448=3] | 在馆 | |
| 2 | 1111779 | 211117799 | 教育系资料室/ [索取号:J511/448=3] | 在馆 | |
| 3 | 1111780 | 211117806 | 教育系资料室/ [索取号:J511/448=3] | 在馆 | |
| 4 | 1111781 | 211117815 | 第一借阅区/ [索取号:J511/448=3] | 在馆 |